| 000 | 01028pam a2200325 a 4500 | ||
|---|---|---|---|
| 001 | 2842992 | ||
| 003 | OSt | ||
| 005 | 20140310184423.0 | ||
| 008 | 841221t19851976nyua j 000 1 eng | ||
| 010 | _a 84028737 | ||
| 020 |
_a0027229602 : _c$12.95 |
||
| 040 |
_aDLC _cDLC _dDLC |
||
| 042 | _alcac | ||
| 050 | 1 | 0 |
_aPZ 7 _b.C678 1976 |
| 100 | 1 |
_aCollier, James Lincoln, _d1928- _926854 |
|
| 245 | 1 | 4 |
_aThe bloody country / _c James Lincoln Collier and Christopher Collier. |
| 260 |
_aNew York : _bFour Winds, _c1976. |
||
| 300 |
_a183 p. : _bill. ; _c22 cm. |
||
| 521 | _aG5 | ||
| 526 | _c780 | ||
| 650 | 1 |
_aFrontier and pioneer life _xFiction. _926855 |
|
| 651 | 0 |
_aWyoming Valley (Pa.) _xHistory _xJuvenile fiction. _926856 |
|
| 651 | 1 |
_aWyoming Valley (Pa.) _xHistory _xFiction. _926857 |
|
| 651 | 1 |
_aPennsylvania _xHistory _xFiction. _926858 |
|
| 700 | 1 |
_aCollier, Christopher, _d1930- _926859 |
|
| 906 |
_a7 _bcbc _corignew _d1 _eocip _f19 _gy-gencatlg |
||
| 942 |
_2lcc _cBK-SCHOLAS |
||
| 999 |
_c34286 _d34286 |
||